KOHA-Header-6

Android Design Patterns (Record no. 1696)

000 -LEADER
fixed length control field 00289nam a2200121Ia 4500
008 - FIXED-LENGTH DATA ELEMENTS--GENERAL INFORMATION
fixed length control field 190723s9999 xx 000 0 und d
020 ## - INTERNATIONAL STANDARD BOOK NUMBER
International Standard Book Number 978-1-118-39415-1
100 ## - MAIN ENTRY--PERSONAL NAME
Personal name Greg Nudelman
245 #0 - TITLE STATEMENT
Title Android Design Patterns
260 ## - PUBLICATION, DISTRIBUTION, ETC. (IMPRINT)
Place of publication, distribution, etc Indiana
Name of publisher, distributor, etc Wiley
Date of publication, distribution, etc 2013
300 ## - PHYSICAL DESCRIPTION
Extent 424.:p
942 ## - ADDED ENTRY ELEMENTS (KOHA)
Koha item type Books
Holdings
Withdrawn status Lost status Source of classification or shelving scheme Damaged status Not for loan Collection code Permanent Location Current Location Shelving location Date acquired Full call number Barcode Date last seen Price effective from Koha item type
          Computer Science MAJU MAJU Shelf No.A33 2019-07-23 004.165 8319 2019-07-23 2019-07-23 Computer Science

Powered by Koha